| 000 | 00745nam a22002417a 4500 | ||
|---|---|---|---|
| 005 | 20230630090250.0 | ||
| 008 | 230628b ||||| |||| 00| 0 eng d | ||
| 040 | _cAL | ||
| 041 | _aeng | ||
| 082 |
_223 _a658 _bCLUM |
||
| 100 |
_aDavid Clutterbuck _9125066 |
||
| 100 |
_dStuart Crainer _9125041 |
||
| 245 |
_aMakers of Management: _bMen and Women who changed the Business World |
||
| 260 |
_aCalcutta _bRupa & Co _c1992 |
||
| 300 |
_aviii,276p. _bPB _c21x14cm. |
||
| 365 |
_2Management _b70.00 _c₹ _d70.00 |
||
| 650 |
_aBehavioural Scientists _9125042 |
||
| 650 |
_aMisfits _9125043 |
||
| 650 |
_aCulture Quality and Excellence _9125044 |
||
| 700 |
_aCLUTTERBUCK (David) _9125045 |
||
| 700 |
_aCRAINER (Stuart) _9125046 |
||
| 942 |
_2ddc _cDB |
||
| 999 |
_c227705 _d227705 |
||